000
00284nam a22001217a 4500
040
_c
SK
082
_a
760
100
_a
សួស ចំណាន
245
_a
Rural Engineering; វិស្វកម្មជនបទ
260
_a
RUA
_b
សួស
_c
2002
300
_a
NA
942
_c
KB
999
_c
8734
_d
8734